[Event "Asia-ch (Women)"]
[Site "Mashhad"]
[Date "2011.05.04"]
[Round "3"]
[White "Padmini, Rout"]
[Black "Hamrakulova, Yulduz"]
[Result "1-0"]
[WhiteElo "2342"]
[BlackElo "2210"]
[PlyCount "95"]
[EventDate "2011.05.02"]
[EventType "swiss"]
[EventRounds "9"]
[EventCountry "IRI"]
[SourceTitle "CBM 142 Extra"]
[Source "ChessBase"]
[SourceDate "2011.06.27"]
[SourceVersion "1"]
[SourceVersionDate "2011.06.27"]
[SourceQuality "1"]

1. e4 e5 2. Nf3 Nc6 3. Bb5 a6 4. Ba4 Nf6 5. 0-0 Be7 6. Re1 b5 7. Bb3 d6 8. c3 0-0 9. h3 Bb7 10. d4 Re8 11. Nbd2 Bf8 12. a3 g6 13. Bc2 Bg7 14. d5 Nb8 15. c4 c6 16. b3 Nbd7 17. Nf1 cxd5 18. cxd5 Rc8 19. Ne3 Nc5 20. Nd2 a5 21. b4 axb4 22. axb4 Na6 23. Bd3 Qb6 24. Ra5 Nc7 25. Ndc4 bxc4 26. Nxc4 Qxb4 27. Bd2 Qxa5 28. Bxa5 Bf8 29. Qb3 Ba6 30. Nb6 Rb8 31. Rc1 Bxd3 32. Qxd3 Rb7 33. Rc6 Reb8 34. Qc4 Nce8 35. g3 Be7 36. Nc8 Bf8 37. Rb6 Nd7 38. Rxb7 Rxb7 39. Qc6 Rb1+ 40. Kg2 Ndf6 41. Bd8 Rb2 42. Bxf6 Nxf6 43. Nxd6 Bxd6 44. Qxd6 Nxe4 45. Qxe5 Rxf2+ 46. Kg1 Re2 47. d6 f5 48. d7 1-0

[Event "Asia-chT (Women) 16th"]
[Site "Guangzhou"]
[Date "2010.11.24"]
[Round "7.11"]
[White "Hamrakulova, Yulduz"]
[Black "Nguyen, Thi Thanh An"]
[Result "1/2-1/2"]
[WhiteElo "2180"]
[BlackElo "2300"]
[PlyCount "65"]
[EventDate "2010.11.18"]
[EventType "team-swiss"]
[EventRounds "9"]
[EventCountry "CHN"]
[SourceTitle "CBM 139 Extra"]
[Source "ChessBase"]
[SourceDate "2011.01.05"]
[SourceVersion "1"]
[SourceVersionDate "2011.01.05"]
[SourceQuality "1"]
[WhiteTeam "Uzbekistan (W)"]
[BlackTeam "Vietnam (W)"]
[WhiteTeamCountry "UZB"]
[BlackTeamCountry "VIE"]

1. d4 Nf6 2. c4 g6 3. Nc3 Bg7 4. e4 d6 5. Nf3 0-0 6. Be2 e5 7. 0-0 Nc6 8. d5 Ne7 9. b4 Ne8 10. c5 f5 11. Bc4 Kh8 12. Nd2 Ng8 13. Be2 Ngf6 14. Ba3 fxe4 15. Ndxe4 Nxe4 16. Nxe4 Qh4 17. Ng3 Bd7 18. Rc1 Rf4 19. Qb3 Rd8 20. Rc4 Nf6 21. Bc1 Rxc4 22. Qxc4 Qxc4 23. Bxc4 dxc5 24. bxc5 Ba4 25. Bg5 h6 26. Bxf6 Bxf6 27. Ne4 Kg7 28. Rc1 Bd7 29. Bb3 Bf5 30. f3 Bxe4 31. fxe4 Bg5 32. Rc3 Bd2 33. Rf3 1/2-1/2